| 000 | 00761nam a22001817a 4500 | ||
|---|---|---|---|
| 999 |
_c63616 _d63616 |
||
| 003 | Ge_BSU | ||
| 005 | 20251114211520.0 | ||
| 008 | 251114s1972 ge ||||| |||| 00| 0 geo d | ||
| 041 | _ageo | ||
| 080 | _a908(479.25) ჯ-58 | ||
| 100 |
_aჯიჯეიშვილი, მ. _926129 |
||
| 245 |
_aსაბჭოთა სომხეთი / _cმ. ჯიჯეიშვილი. |
||
| 264 |
_aთბილისი : _bსაბჭ. საქართველო, _c1972. |
||
| 300 |
_a82 გვ. ; _b16 სმ. |
||
| 490 | _aთავისუფალ ერთა მძლე კავშირი ძმური | ||
| 653 | _aკომუნისტური მშენებლობა სომხეთში. | ||
| 942 |
_2udc _cᲬᲘᲒᲜᲘ |
||